Price rises slow as investors prepare for election (Record no. 82295)

MARC details
000 -LEADER
fixed length control field 00903cam a22001935a 4500
001 - CONTROL NUMBER
control field L149842
008 - FIXED-LENGTH DATA ELEMENTS--GENERAL INFORMATION
fixed length control field 100504e2010 xxk 000 0 eng d
035 ## - SYSTEM CONTROL NUMBER
System control number (Sirsi) u149842
041 0# - LANGUAGE CODE
Language code of text/sound track or separate title eng
110 2# - MAIN ENTRY--CORPORATE NAME
Corporate name or jurisdiction name as entry element Property Week
9 (RLIN) 1549
245 00 - TITLE STATEMENT
Title Price rises slow as investors prepare for election
260 ## - PUBLICATION, DISTRIBUTION, ETC.
Date of publication, distribution, etc. 2010
490 #0 - SERIES STATEMENT
Series statement Property Week
Volume/sequential designation 76 (14) 09 April 2010, 30(1)
520 ## - SUMMARY, ETC.
Summary, etc. Yields on prime property edged down in March 2010 but only by five basis points according to the latest Cushman and Wakefield data, averaging at 5.85%, 180 basis points higher than 10-year gilt yields. Central London offices and retail markets, big shopping centres and industrial are the hot subsectors. Table covers prime market yields by sector and subsector.
590 ## - LOCAL NOTE (RLIN)
Local note KA
651 #4 - SUBJECT ADDED ENTRY--GEOGRAPHIC NAME
Geographic name United Kingdom
Chronological subdivision
690 ## - LOCAL SUBJECT ADDED ENTRY--TOPICAL TERM (OCLC, RLIN)
Topical term or geographic name as entry element PROPERTY-COMMERCIAL PROPERTY-COMMERCIAL PROPERTY FINANCE AND INVESTMENT
942 ## - ADDED ENTRY ELEMENTS (KOHA)
Suppress in OPAC 0
Holdings
Withdrawn status Lost status Source of classification or shelving scheme Damaged status Not for loan Home library Current library Shelving location Date acquired Total Checkouts Full call number Barcode Date last seen Copy number Price effective from Koha item type
    Dewey Decimal Classification     London London Journal article 04/05/2010   L149842 149842-1001 06/08/2019 1 06/08/2019 Journal article